Statistics for African Geography By Letter D - Picture Quiz

Click here to take the quiz!

General Stats

  • This quiz has been taken 442 times
  • The average score is 10 of 18

Answer Stats

Answer% Correct
Djibouti
96%
Dodo
96%
D.R. Congo
90%
Dakar
87%
Nile {Delta}
86%
Dar es Salaam
82%
Dodoma
71%
Dodoma
71%
Durban
66%
Darfur
63%
{Dromedary} Camel
56%
Dugong
36%
Drakensberg
27%
Djerba
17%
{Dinka} People
9%
Cabo {Delgado}
8%
Damietta
5%
Mount {Dendi}
3%

Score Distribution

Percentile by Number Answered

Percent of People with Each Score

Your Score History

You have not taken this quiz